书目信息 |
| 题名: |
湿地研究法
|
|
| 作者: | 李春义 编著 | |
| 分册: | ||
| 出版信息: | 北京 中国林业出版社 2020.12 |
|
| 页数: | 743页 | |
| 开本: | 26cm | |
| 丛书名: | ||
| 单 册: | ||
| 中图分类: | P942.078 | |
| 科图分类: | ||
| 主题词: | 沼泽化地--自然资源保护--研究--中国 | |
| 电子资源: | ||
| ISBN: | 978-7-5219-0919-7 | |
| 000 | 00856nam0 2200241 45 | |
| 001 | 012001002129 | |
| 005 | 20140913125134.0 | |
| 010 | @a978-7-5219-0919-7@dCNY198.00 | |
| 100 | @a20210521d2020 em y0chiy50 ea | |
| 101 | 0 | @achi |
| 102 | @aCN@b110000 | |
| 105 | @aa z 000yy | |
| 106 | @ar | |
| 200 | 1 | @a湿地研究法@Ashi di yan jiu fa@b专著@f李春义[等]编著 |
| 210 | @a北京@c中国林业出版社@d2020.12 | |
| 215 | @a743页@c图@d26cm | |
| 304 | @a编者还有:栾晓峰、陆梅、黄力平、郭保香、王希群 | |
| 330 | @a本书共十章,内容包括:湿地调查方法与技术、湿地植物、湿地动物、湿地水体、湿地土壤、湿地沉积物、湿地微生物与酶、湿地气象与大气环境、湿地动态演变与"4S"技术等。 | |
| 606 | 0 | @a沼泽化地@x自然资源保护@x研究@y中国 |
| 690 | @aP942.078@v5 | |
| 701 | 0 | @a李春义@Ali chun yi@4编著 |
| 801 | 0 | @aCN@bBJSDL@c20211011 |
| 905 | @b1338549-51@dP942.078@e208@f3 | |
| 湿地研究法/李春义[等]编著.-北京:中国林业出版社,2020.12 |
| 743页:图;26cm |
| ISBN 978-7-5219-0919-7:CNY198.00 |
| 本书共十章,内容包括:湿地调查方法与技术、湿地植物、湿地动物、湿地水体、湿地土壤、湿地沉积物、湿地微生物与酶、湿地气象与大气环境、湿地动态演变与"4S"技术等。 |
| ● |
| 相关链接 |
|
|
|
|
正题名:湿地研究法
索取号:P942.078/208
 
预约/预借
| 序号 | 登录号 | 条形码 | 馆藏地/架位号 | 状态 | 备注 |
| 1 | 1338549 | 213385497 | 第二样本阅览室/ [索取号:P942.078/208] | 在馆 | |
| 2 | 1338550 | 213385503 | 第三借阅区/ [索取号:P942.078/208] | 在馆 | |
| 3 | 1338551 | 213385512 | 第三借阅区/ [索取号:P942.078/208] | 在馆 |